La agenda ética pendiente de América Latina
Saved in:
| 主要作者: | |
|---|---|
| 格式: | 圖書 |
| 語言: | 西班牙语 |
| 出版: |
Buenos Aires
BID
2005
Buenos Aires Fondo de Cultura Económica 2005 |
| 版: | 1a. ed |
| 叢編: | Política y Derecho
|
| 主題: | |
| 標簽: |
添加標簽
沒有標簽, 成為第一個標記此記錄!
|
MARC
| LEADER | 00000nam a2200000 a 4500 | ||
|---|---|---|---|
| 001 | UCK8105 | ||
| 003 | CL-VaPUC | ||
| 008 | 060120e20050000ag |||||||||||||||||spa|d | ||
| 020 | |a 9505576501 | ||
| 082 | 0 | 4 | |a 361.6 |b KLI |2 21 |
| 100 | |a Kliksberg, Bernardo |e author |9 497897 | ||
| 245 | 1 | 3 | |a La agenda ética pendiente de América Latina |
| 250 | |a 1a. ed | ||
| 300 | |a 365 p | ||
| 942 | |c BK | ||
| 945 | |d 20060120 00:00:00 |a cmena | ||
| 260 | |a Buenos Aires |b BID |c 2005 | ||
| 260 | |a Buenos Aires |b Fondo de Cultura Económica |c 2005 | ||
| 650 | 0 | |a Problemas sociales |9 258537 | |
| 650 | 0 | |a Desigualdad social |9 349409 | |
| 650 | 0 | |a Pobreza |9 258652 | |
| 650 | 0 | |a Trabajo y empleo |9 315054 | |
| 650 | 0 | |a Globalización |9 361930 | |
| 650 | 0 | |a Política gubernamental |9 262286 | |
| 650 | 0 | |a Cooperación internacional |9 255447 | |
| 651 | 0 | |a América Latina |9 255027 | |
| 583 | |a last modification |c 20171005 11:40:06 |k Rodrigo Vera | ||
| 490 | 0 | |a Política y Derecho | |
| 999 | |c 315914 |d 315912 | ||
| 952 | |0 0 |1 0 |4 0 |6 361_600000000000000_KLI_2005_2005 |7 0 |8 A |9 389776 |a BIBGIM |b BIBGIM |d 2019-11-22 |i 4204220 |o 361.6 KLI 2005 2005 |p 4204220 |r 2025-01-15 |w 2019-11-22 |y BK |k SSL | ||
| 952 | |0 0 |1 0 |4 0 |6 361_600000000000000_KLI_2005_2005 |7 0 |8 A |9 389777 |a BIBING |b BIBING |d 2019-11-22 |i 4239318 |o 361.6 KLI 2005 2005 |p 4239318 |r 2025-01-20 |w 2019-11-22 |y BK |k GEO | ||